| 000 | 00895nas a2200289 4500 | ||
|---|---|---|---|
| 001 | BR2010003735 | ||
| 003 | BR-BrBNA | ||
| 005 | 20231205114620.0 | ||
| 007 | ta | ||
| 008 | 230509b bl.|||p| |||| 00| 00por d | ||
| 040 |
_aBR-BrBNA _bpor _cBiblioteca Nacional de Agricultura |
||
| 041 | _a(Pt) | ||
| 072 | _aP01 | ||
| 100 | 1 | _aSilva, A.T. da | |
| 100 | 1 | _aTavares, T.S. | |
| 100 | 1 | _aPaiva, P.D. de O. | |
| 100 | 1 | _aNogueira, D.A. | |
| 245 | 1 | _aAs praças Dr. Augusto Silva e Leonardo Venerando Pereira, Lavras - MG, segundo a visão dos seus frequentadores | |
| 650 | _aIPÊ | ||
| 650 | _aPALMEIRA IMPERIAL | ||
| 650 | _aPAISAGISMO | ||
| 650 | _aJARDIM | ||
| 650 | _aPLANTA ORNAMENTAL | ||
| 773 | 0 |
_tCiência e Agrotecnologia (Brazil) _xISSN 1413-7054 _g(Nov-Dec 2008), v. 32(6) p. 1701-1707 _wBR2010003735 |
|
| 909 |
_a202311 _bLúcia _c55 _dLúcia Elande |
||
| 942 |
_2AGRIS _n0 _cANA |
||
| 999 |
_c209587 _d209587 |
||